01095cam a22003014a 45000010009000000050017000090080041000260100017000670200028000840400018001120420008001300500024001380820019001621000029001812450059002102500012002692600041002813000053003225000044003755000020004196500031004396500018004708560082004889060045005709420036006159990017006519520125006681420827720160810092749.0051222s2007 nyuab b 001 0 eng  a 2005037492 a0321419243 (alk. paper) aDLCcDLCdDLC apcc00aLB2395.3b.S62 200700a428.4/07112221 aSmith, Brenda D.,d1944-10aBreaking through : college reading /cBrenda D. Smith. a7th ed. aNew York :bPearson/Longman,cc2007. axxiv, 545 p. :bill. (some col.), maps ;c28 cm. aAlternative ed. with alternate reading. aIncludes index. 0aReading (Higher education) 0aStudy skills.413Table of contents onlyuhttp://www.loc.gov/catdir/toc/ecip065/2005037492.html a7bcbccorignewd1eecipf20gy-gencatlg 2lcccBOOKShLB 2395.3 .S62 2007 c13179d13179 00102lcc4070aMUCbMUCcGENd2016-08-10eDonation (BFA)l0oLB 2395.3 .S62 2007p24076r2019-05-30w2016-08-10yBOOKS